| 000 | 00814nam a2200253Ia 4500 | ||
|---|---|---|---|
| 003 | OSt | ||
| 005 | 20221006155026.0 | ||
| 006 | a|||||r|||| 00| 0 | ||
| 007 | ta | ||
| 008 | 221006b |||||||| |||| 00| 0 eng d | ||
| 020 |
_a9788132106371 _c895.00 |
||
| 024 | _a40,072 | ||
| 037 |
_bHO/2011/CRB/1600, 05/03/2012, KW Pub ;Private Limited _cTextual |
||
| 040 |
_aEASL _cEASL _beng |
||
| 041 |
_2eng _aeng |
||
| 082 | _aO157y7M610aV41, Q1 | ||
| 100 |
_aTan Chung etc. Ed. _9668154 |
||
| 245 | 0 | _aTagore and China | |
| 260 |
_aNew Delhi _bSage Publication India Pvt Ltd India _c2011 |
||
| 300 |
_axxxii,370p. _ccm. |
||
| 650 | _aCEL | ||
| 942 |
_hO157y7M610aV41, Q1 _cTEXL _2CC |
||
| 999 |
_c1108158 _d1108158 |
||